00554nam a2200169Ia 4500008004100000100001900041245011900060260001100179300002100190440004800211521001000259650003100269650002000300650002400320650002200344650001800366140626s9999 xx 000 0 und d aGorman, Jamie. aChanges in team cognition after a retention interval :bthe benefits of mixing it up /cJamie Gorman ... [et al.]. cc2011. a17 : 4, page 303 aJournal of Experimental Psycholgy : Applied aPSYCH aInterpositional knowledge. aTeam cognition. aTeam effectiveness. aTeam performance. aTeam process.